[Event "57th Biel Master Open"]
[Site "Biel SUI"]
[Date "2024.07.19"]
[Round "5.7"]
[White "Razafindratsima, Timothe"]
[Black "Harsha, Bharathakoti"]
[Result "0-1"]
[WhiteTitle "IM"]
[BlackTitle "GM"]
[WhiteElo "2449"]
[BlackElo "2569"]
[WhiteFideId "36069884"]
[BlackFideId "5078776"]
[EventDate "2024.07.15"]

1. e4 e5 2. Nf3 Nc6 3. Bc4 Bc5 4. d3 d6 5. c3 Bb6 6. a4 a5 7. Nbd2 h6 8. Bb5 Ne7
9. Nc4 Bc5 10. Nxa5 Rxa5 11. b4 Bxb4 12. cxb4 Ra8 13. Bc4 Bg4 14. h3 Bxf3 15.
Qxf3 O-O 16. Qg4 Kh7 17. O-O f5 18. Qd1 f4 19. b5 Nd4 20. Bb2 f3 21. g3 Qd7 22.
Kh2 c6 23. bxc6 bxc6 24. Bxd4 exd4 25. a5 Ng6 26. Qb3 Ne5 27. a6 Qe7 28. Qb7
Qxb7 29. axb7 Rxa1 30. Rxa1 Rb8 31. Rb1 Kg6 32. g4 Kf6 33. Kg3 g5 34. Ba6 Ke7
35. Rb4 c5 36. Rb3 Kd7 37. Bc4 Nxc4 38. dxc4 Kc6 39. Kxf3 Rxb7 40. Rxb7 Kxb7 41.
Kg3 Kc7 42. Kf3 Kd7 43. Kg3 Ke7 44. Kf3 Ke6 45. Kg2 Ke5 46. Kf3 d3 47. Ke3 d2
48. f4+ gxf4+ 49. Kxd2 Kxe4 50. h4 f3 51. g5 hxg5 52. h5 Kf5 0-1

[Event "57th Biel Master Open"]
[Site "Biel SUI"]
[Date "2024.07.19"]
[Round "5.8"]
[White "Gan-Erdene, Sugar"]
[Black "Gavrilescu, David"]
[Result "1/2-1/2"]
[WhiteTitle "IM"]
[BlackTitle "GM"]
[WhiteElo "2407"]
[BlackElo "2540"]
[WhiteFideId "4902980"]
[BlackFideId "1227190"]
[EventDate "2024.07.15"]

1. e4 c5 2. Nf3 d6 3. d4 cxd4 4. Nxd4 Nf6 5. Nc3 a6 6. Nb3 e6 7. g4 b5 8. Bg2
Nfd7 9. g5 Bb7 10. f4 h6 11. h4 Be7 12. Be3 Nc6 13. Qe2 Rc8 1/2-1/2

[Event "57th Biel Master Open"]
[Site "Biel SUI"]
[Date "2024.07.19"]
[Round "5.12"]
[White "Nurman, Alua"]
[Black "Materia, Marco"]
[Result "1/2-1/2"]
[WhiteTitle "WIM"]
[BlackTitle "IM"]
[WhiteElo "2266"]
[BlackElo "2453"]
[WhiteFideId "13729390"]
[BlackFideId "45150451"]
[EventDate "2024.07.15"]

1. e4 c5 2. Nf3 e6 3. d4 cxd4 4. Nxd4 Nc6 5. Nc3 Nf6 6. Be2 d6 7. O-O Be7 8. Be3
O-O 9. Kh1 Qc7 10. f4 a6 11. Qe1 Nxd4 12. Bxd4 b5 13. a3 Bb7 14. Qg3 Rad8 15.
Rae1 Bc6 16. Bd3 Qd7 17. Nd1 Nh5 18. Qg4 Nf6 19. Qg3 g6 20. f5 e5 21. Be3 Bxe4
22. Bh6 Bxd3 23. cxd3 Rfe8 24. Qh4 Nh5 25. f6 Nxf6 26. Rxf6 Qf5 27. Bg5 Bxf6 28.
Bxf6 Rc8 29. Kg1 Re6 30. Rf1 Qxd3 31. Nf2 Qe3 32. Bg5 Qd4 33. Qxd4 exd4 34. Nd3
f5 35. Rf2 Kf7 36. Rd2 Re4 37. h3 a5 38. Kh2 Rc4 39. Nf2 Re8 40. b3 Rc3 41. Rxd4
Rxb3 42. Rxd6 Rxa3 43. Nd3 Rc3 44. Bd2 Rc2 45. Bxa5 Ree2 46. Ne1 Ra2 47. Bc3 Ra3
48. Bd2 Rb3 49. Ba5 Ke7 50. Rd4 Re4 51. Rd5 Ke6 52. Rd8 Ra3 53. Bd2 Ke7 54. Bg5+
Kf7 55. Nd3 Rc3 56. Nf4 Rc7 57. Rb8 b4 58. h4 Rd7 59. Rb6 Rc4 1/2-1/2

[Event "57th Biel Master Open"]
[Site "Biel SUI"]
[Date "2024.07.19"]
[Round "5.13"]
[White "Xue, Haowen"]
[Black "Balabayeva, Xeniya"]
[Result "1/2-1/2"]
[BlackTitle "WIM"]
[WhiteElo "2452"]
[BlackElo "2210"]
[WhiteFideId "8625492"]
[BlackFideId "13719688"]
[EventDate "2024.07.15"]

1. d4 d5 2. c4 e6 3. Nf3 Nf6 4. Nc3 c6 5. Bg5 h6 6. Bh4 Be7 7. e3 Nbd7 8. Qc2
O-O 9. a3 b6 10. cxd5 cxd5 11. Bd3 Bb7 12. O-O Rc8 13. Rfc1 a6 14. Qe2 b5 15.
Nd2 Nb6 16. b4 Nc4 17. Nb3 Nd7 18. Bxe7 Qxe7 19. Nc5 Nxc5 20. bxc5 e5 21. a4 Bc6
22. Rab1 Rb8 23. axb5 axb5 24. Na2 Qf6 25. Nb4 e4 26. Bc2 Ra8 27. Ra1 Qe6 28.
Qd1 Qd7 29. Rxa8 Rxa8 30. Ra1 Qb7 31. h3 Kf8 32. Rb1 g6 33. Qe1 Na3 34. Ra1 Nxc2
35. Rxa8+ Qxa8 36. Nxc2 Ke7 37. Nb4 Kd7 38. f3 exf3 39. gxf3 Qa3 40. Qd2 f6 41.
Kh2 Qb3 42. Kg3 Qb1 43. Kg2 Qb3 44. Kf2 Bb7 45. Nd3 Bc6 46. Kg3 Qb1 47. Kg2 Qb3
48. Nb4 Bb7 49. h4 h5 50. Nd3 Bc6 51. Nb4 Bb7 52. Kf2 Qa3 53. Kg3 Qb3 54. Kg2
Qa3 55. Kh2 Bc6 56. Kg3 Bb7 57. Kg2 Qb3 58. Kf2 Qa3 59. Qe1 Qb2+ 60. Kg3 Qb3 61.
Kh3 Qb2 62. Nd3 Qc2 63. Nf4 Qf5+ 64. Kg3 g5 65. Ng2 Ke7 66. Qa5 gxh4+ 67. Kh2
Bc8 68. Qxb5 Qxf3 69. Qb8 h3 70. Nf4 Qf2+ 71. Kh1 Qf1+ 72. Kh2 Qf2+ 1/2-1/2

[Event "57th Biel Master Open"]
[Site "Biel SUI"]
[Date "2024.07.19"]
[Round "5.14"]
[White "Sethuraman, S.P."]
[Black "Munguntuul, Batkhuyag"]
[Result "1-0"]
[WhiteTitle "GM"]
[BlackTitle "IM"]
[WhiteElo "2589"]
[BlackElo "2356"]
[WhiteFideId "5021596"]
[BlackFideId "4900758"]
[EventDate "2024.07.15"]

1. e4 c6 2. d4 d5 3. e5 c5 4. Nf3 cxd4 5. Nxd4 Nc6 6. Nxc6 bxc6 7. Bd3 Qc7 8.
Qe2 e6 9. Nd2 Bc5 10. h4 Ne7 11. h5 h6 12. c3 a5 13. Nb3 Bb6 14. Nd4 Qa7 15. Be3
Ba6 16. O-O-O Bxd3 17. Rxd3 O-O 18. g4 c5 19. Nb5 Qd7 20. Rdd1 f5 21. exf6 Rxf6
22. g5 hxg5 23. Bxg5 Rf5 24. Rhg1 Kh7 25. c4 Raf8 26. f4 Nc6 27. Rge1 Bd8 28.
Qxe6 Qxe6 29. Rxe6 Bxg5 30. fxg5 Nd4 31. Nxd4 cxd4 32. c5 Rxg5 33. Ra6 Rf2 34.
Rxa5 d3 35. Rxd3 Rg1+ 36. Rd1 Rxd1+ 37. Kxd1 Rxb2 38. c6 Rb8 39. Rxd5 g6 40. Kc2
Rc8 41. Rc5 gxh5 42. Kc3 h4 43. Kc4 h3 44. Kb5 Rb8+ 45. Ka6 Ra8+ 46. Kb7 Rxa2
47. Rh5+ Kg6 48. Rxh3 Rb2+ 49. Kc8 Kf6 50. Re3 1-0

[Event "57th Biel Master Open"]
[Site "Biel SUI"]
[Date "2024.07.19"]
[Round "5.16"]
[White "Bilguun, Sumiya"]
[Black "Dotzer, Lukas"]
[Result "1/2-1/2"]
[WhiteTitle "GM"]
[BlackTitle "FM"]
[WhiteElo "2458"]
[BlackElo "2375"]
[WhiteFideId "4901541"]
[BlackFideId "1666975"]
[EventDate "2024.07.15"]

1. e4 c5 2. Nc3 e6 3. f4 d5 4. Nf3 dxe4 5. Nxe4 Nc6 6. Bb5 Bd7 7. Qe2 Nf6 8. f5
Be7 9. fxe6 Bxe6 10. Nfg5 Nxe4 11. Nxe6 fxe6 12. Qxe4 Qd5 13. Qxd5 exd5 14. O-O
O-O-O 15. c3 d4 16. b3 dxc3 17. dxc3 Bf6 18. Be3 Bxc3 19. Rac1 Bd4 20. Bxd4 cxd4
21. Bxc6 bxc6 22. Rf7 d3 23. Rxc6+ Kb8 24. Rcc7 d2 25. Rb7+ Ka8 26. Rxa7+ Kb8
27. Rab7+ Ka8 1/2-1/2

[Event "57th Biel Master Open"]
[Site "Biel SUI"]
[Date "2024.07.19"]
[Round "5.17"]
[White "Thavandiran, Shiyam"]
[Black "Ansat, Aldiyar"]
[Result "0-1"]
[WhiteTitle "IM"]
[BlackTitle "IM"]
[WhiteElo "2387"]
[BlackElo "2458"]
[WhiteFideId "2605058"]
[BlackFideId "13715658"]
[EventDate "2024.07.15"]

1. e4 c5 2. Nf3 d6 3. d4 cxd4 4. Nxd4 Nf6 5. Nc3 Nc6 6. Bg5 e6 7. Bb5 Bd7 8. Qd3
Qb6 9. Bxc6 bxc6 10. O-O Be7 11. e5 dxe5 12. Nf3 Bc8 13. Bxf6 gxf6 14. Rfd1 O-O
15. Qe4 Qxb2 16. Qe3 Qxc2 17. Ne4 Kh8 18. Rac1 Qa4 19. Nd4 exd4 20. Rxd4 Qb5 21.
Nc5 Bxc5 22. Qh6 Be7 23. h4 Rg8 0-1

[Event "57th Biel Master Open"]
[Site "Biel SUI"]
[Date "2024.07.19"]
[Round "5.18"]
[White "Deuer, Marius"]
[Black "Haimovich, Tal"]
[Result "0-1"]
[WhiteTitle "IM"]
[BlackTitle "IM"]
[WhiteElo "2458"]
[BlackElo "2324"]
[WhiteFideId "16236432"]
[BlackFideId "2801698"]
[EventDate "2024.07.15"]

1. d4 d5 2. c4 e6 3. Nc3 Be7 4. cxd5 exd5 5. Bf4 c6 6. e3 Bf5 7. Nge2 Nf6 8. Ng3
Bg6 9. h4 h5 10. Bd3 Bxd3 11. Qxd3 g6 12. O-O-O Na6 13. f3 Qa5 14. Kb1 O-O-O 15.
e4 dxe4 16. fxe4 Ng4 17. Qf3 Rd7 18. d5 Rhd8 19. Rc1 Bf6 20. dxc6 Rd3 21. cxb7+
Kxb7 22. Qe2 Bxc3 23. Rxc3 Rxc3 24. bxc3 Nc5 25. Qc4 Nf2 26. Rf1 Nfd3 27. Kc2
Ka8 28. Be3 Ne5 0-1

[Event "57th Biel Master Open"]
[Site "Biel SUI"]
[Date "2024.07.19"]
[Round "5.19"]
[White "Rosen, Eric"]
[Black "Fromm, Marius"]
[Result "1/2-1/2"]
[WhiteTitle "IM"]
[BlackTitle "IM"]
[WhiteElo "2374"]
[BlackElo "2448"]
[WhiteFideId "2032562"]
[BlackFideId "12993190"]
[EventDate "2024.07.15"]

1. e4 e6 2. d4 d5 3. Bd3 dxe4 4. Bxe4 Nf6 5. Bf3 c5 6. Ne2 Be7 7. O-O O-O 8. Be3
Nc6 9. dxc5 Ne5 10. Nd2 Qc7 11. b4 a5 12. c3 Rd8 13. Nd4 Nxf3+ 14. Qxf3 Nd5 15.
a3 axb4 16. cxb4 e5 17. Nb5 Qc6 18. Nd6 Bxd6 19. cxd6 Qxd6 20. Nc4 Qb8 21. Nb6
Nxb6 22. Bxb6 Rd6 23. Rfd1 Bd7 24. Rxd6 Qxd6 25. Rd1 Qc6 26. Qxc6 Bxc6 27. Rd8+
Rxd8 28. Bxd8 f6 29. f3 Kf7 30. Kf2 Ke6 31. Ke3 Kd5 32. g4 Ke6 33. Bc7 g5 34.
Bd8 Be8 35. Kf2 h5 36. Kg3 h4+ 1/2-1/2

[Event "57th Biel Master Open"]
[Site "Biel SUI"]
[Date "2024.07.19"]
[Round "5.20"]
[White "Saraci, Nderim"]
[Black "Toktomushev, Teimur"]
[Result "1/2-1/2"]
[WhiteTitle "IM"]
[BlackTitle "FM"]
[WhiteElo "2447"]
[BlackElo "2300"]
[WhiteFideId "6351921"]
[BlackFideId "14176726"]
[EventDate "2024.07.15"]

1. Nf3 d5 2. g3 Nf6 3. Bg2 e6 4. O-O Be7 5. d3 O-O 6. Nbd2 c5 7. e4 Nc6 8. Re1
Qc7 9. e5 Nd7 10. Qe2 b5 11. h4 a5 12. Nf1 Ba6 13. Bf4 Rfc8 14. Ne3 Qd8 15. h5
h6 16. g4 b4 17. Qd2 Nb6 18. Nf1 c4 19. b3 a4 20. g5 hxg5 21. Bxg5 cxd3 22. Qf4
dxc2 23. h6 Nd4 24. Bxe7 Nxf3+ 25. Bxf3 Qxe7 26. hxg7 Kxg7 27. Ng3 Kf8 28. Kg2
Ke8 29. Rh1 Kd7 30. Rh7 Rf8 31. Qd4 axb3 32. axb3 Bd3 33. Rhh1 Rxa1 34. Rxa1 Rc8
35. Rc1 Qg5 36. Qxb6 Qxc1 37. Qd6+ Ke8 38. Bh5 Qh6 39. Bxf7+ Kxf7 40. Qd7+ Kg6
41. Qxe6+ Kg7 42. Qd7+ Kg8 43. Qxc8+ Qf8 44. Qc6 Kh8 45. e6 Bg6 46. Qc7 d4 47.
e7 Qf7 48. f4 Qd5+ 49. Kh2 Qg8 50. f5 Be8 51. Qxc2 Qh7+ 52. Kg1 Qxe7 53. Qe4 1/2-1/2

[Event "57th Biel Master Open"]
[Site "Biel SUI"]
[Date "2024.07.19"]
[Round "5.21"]
[White "Gloeckler, Christian"]
[Black "Petkidis, Anthony"]
[Result "0-1"]
[WhiteTitle "FM"]
[BlackTitle "IM"]
[WhiteElo "2304"]
[BlackElo "2428"]
[WhiteFideId "34608966"]
[BlackFideId "24673390"]
[EventDate "2024.07.15"]

1. e4 e5 2. Nf3 Nc6 3. Bb5 a6 4. Ba4 Nf6 5. O-O Be7 6. Re1 b5 7. Bb3 O-O 8. h3
Bb7 9. d3 d5 10. exd5 Nxd5 11. Nbd2 Qd7 12. a4 Nf4 13. Ne4 Ng6 14. c3 Na5 15.
Ba2 Bd5 16. b4 Nb7 17. Ng3 Rad8 18. axb5 axb5 19. Nxe5 Nxe5 20. Rxe5 Bxa2 21.
Rxa2 Bf6 22. Re3 Bxc3 23. Ra7 Bd4 24. Rxb7 Qc6 25. Nf5 Qxb7 26. Qg4 Qa7 27. Kh2
Qa1 28. Re4 Bf6 29. Be3 g6 30. Nh6+ Kg7 31. Qf4 Rxd3 32. Ng4 h5 33. Nxf6 Qxf6
34. Qxc7 Rd5 35. Rf4 Qd8 36. Qc6 Kg8 37. Rf6 Qd7 38. Qc2 Rf5 39. Rc6 Rd8 40. Qc3
Kh7 41. Qc1 Qd1 42. Qa3 Qe1 43. Qb2 h4 44. Rc1 Rd1 0-1

[Event "57th Biel Master Open"]
[Site "Biel SUI"]
[Date "2024.07.19"]
[Round "5.22"]
[White "Amartuvshin, Ganzorig"]
[Black "Cervantes Landeiro, Thalia"]
[Result "1/2-1/2"]
[WhiteTitle "IM"]
[BlackTitle "FM"]
[WhiteElo "2427"]
[BlackElo "2271"]
[WhiteFideId "4902548"]
[BlackFideId "3520498"]
[EventDate "2024.07.15"]

1. d4 Nf6 2. c4 g6 3. Nc3 d5 4. cxd5 Nxd5 5. e4 Nxc3 6. bxc3 Bg7 7. Bc4 c5 8.
Ne2 O-O 9. Be3 Nc6 10. O-O Bg4 11. f3 Bd7 12. Rb1 cxd4 13. cxd4 Na5 14. Bd3 a6
15. Qd2 b5 16. Rfc1 Rc8 17. h4 h5 18. Bh6 Qb6 19. Be3 Rxc1+ 20. Rxc1 Rc8 21. d5
Qd8 22. Rxc8 Bxc8 23. a4 bxa4 24. Qb4 Nc6 25. Qxa4 Ne5 26. Bxa6 Bd7 27. Bb5 Bxb5
28. Qxb5 Qa8 29. Bd4 Nxf3+ 30. gxf3 Bxd4+ 31. Nxd4 Qa1+ 32. Kg2 Qxd4 33. Qe8+
Kg7 34. Qxe7 Qd2+ 35. Kh3 Qc3 36. Kg3 Qe1+ 37. Kf4 Qc1+ 38. Ke5 Qa1+ 39. Kd6
Qa3+ 40. Kd7 Qa4+ 41. Kc8 Qa8+ 42. Kc7 Qa7+ 43. Kd8 Qa8+ 44. Kd7 Qa4+ 1/2-1/2

[Event "57th Biel Master Open"]
[Site "Biel SUI"]
[Date "2024.07.19"]
[Round "5.23"]
[White "Song, Ethan"]
[Black "Tahay, Alexis"]
[Result "1/2-1/2"]
[WhiteTitle "CM"]
[BlackTitle "IM"]
[WhiteElo "2244"]
[BlackElo "2392"]
[WhiteFideId "62900412"]
[BlackFideId "26090961"]
[EventDate "2024.07.15"]

1. e4 c5 2. Nf3 d6 3. Bb5+ Bd7 4. Bxd7+ Nxd7 5. O-O Ngf6 6. Qe2 e6 7. c3 Be7 8.
d4 O-O 9. e5 dxe5 10. dxe5 Nd5 11. Rd1 Qc7 12. c4 Nb4 13. Nc3 a6 14. Bf4 Rfd8
15. Bg3 Nf8 16. a3 Nc6 17. Nd5 exd5 18. cxd5 Qb6 19. dxc6 Qxc6 20. Nh4 g6 21. f4
Ne6 22. f5 Nd4 23. Qf2 Qe4 24. Rf1 Ne2+ 25. Kh1 Nxg3+ 26. hxg3 Bxh4 27. fxg6
Qxg6 28. gxh4 Rd4 29. Rae1 Qh5 30. g3 Rad8 31. Qf6 Qg6 32. e6 Qxf6 33. Rxf6 fxe6
34. Rfxe6 Rd3 35. Kg2 R8d7 36. R1e2 Kf7 37. Rh6 Kg7 38. Rhe6 Rb3 39. R6e5 b6 40.
Re6 Kf7 41. R6e4 Rbd3 42. Rf4+ Kg7 43. Rg4+ Kf8 44. Rge4 Rd2 45. Rf4+ Kg7 46.
Rg4+ Kf6 47. Rf4+ Kg6 48. Rg4+ Kh5 49. Rg5+ Kh6 50. Re5 R7d6 51. Kf3 R2d3+ 52.
R2e3 Rf6+ 53. Ke2 Rd4 54. Rg5 Rfd6 55. Ree5 Rd2+ 56. Ke3 Rxb2 57. Rh5+ Kg7 58.
Re7+ Kf6 59. Rhxh7 Rb3+ 60. Kf4 Rd4+ 61. Re4 Rdd3 62. Rh6+ Kg7 63. Rc6 Rf3+ 64.
Kg4 Rxg3+ 65. Kh5 c4 66. Re7+ Kf8 67. Rb7 Rb5+ 68. Kh6 Rc5 69. Rbxb6 Rxc6+ 70.
Rxc6 c3 71. Rxa6 Ke7 72. h5 Kd7 73. Ra4 Re3 74. Rc4 Kd6 75. Kg7 Kd5 76. Rc8 Rg3+
77. Kf6 Rh3 78. Kg6 Ke6 79. h6 Rg3+ 80. Kh7 c2 81. a4 Ra3 82. Rxc2 Rxa4 83. Re2+
Kf7 84. Rf2+ Ke7 85. Kg6 Rg4+ 86. Kh5 Rg1 87. h7 Rh1+ 88. Kg6 Rg1+ 89. Kf5 Rh1
90. Ra2 Kf8 91. Ra7 Rf1+ 92. Kg4 Rh1 93. Kg3 Rh6 94. h8=Q+ Rxh8 95. Ra8+ Kg7 96.
Rxh8 Kxh8 1/2-1/2

[Event "57th Biel Master Open"]
[Site "Biel SUI"]
[Date "2024.07.19"]
[Round "5.24"]
[White "Kalogridis, Antonios"]
[Black "Collin, Moritz Valentin"]
[Result "1/2-1/2"]
[WhiteTitle "FM"]
[BlackTitle "FM"]
[WhiteElo "2391"]
[BlackElo "2255"]
[WhiteFideId "25833901"]
[BlackFideId "1342932"]
[EventDate "2024.07.15"]

1. d4 Nf6 2. c4 e6 3. Nc3 Bb4 4. Nf3 O-O 5. Bg5 c5 6. Rc1 h6 7. Bh4 cxd4 8. Nxd4
a6 9. e3 b6 10. Be2 Bb7 11. O-O Be7 12. Bg3 d6 13. a3 Nbd7 14. b4 Rc8 15. Qb3
Qc7 16. Rfd1 Rfd8 17. Rd2 Ne5 18. Rdc2 Ne4 19. Nxe4 Bxe4 20. Rc3 Bf6 21. c5 bxc5
22. bxc5 dxc5 23. Bxa6 Rb8 24. Bb5 Qa5 25. Rxc5 Nd3 26. Bxd3 Rxb3 27. Rxa5 Rxd3
28. h3 Bxd4 29. exd4 R8xd4 30. Kh2 Rd1 31. Rxd1 Rxd1 32. a4 Rd8 33. Rc5 Rd5 34.
Rc3 Ra5 35. Rc8+ Kh7 36. Rc4 Bd5 37. Rf4 Kg8 38. Rd4 Bc6 39. Bc7 Ra7 40. Bb6
Rxa4 41. Rxa4 Bxa4 42. Bd4 g5 43. h4 Kh7 44. hxg5 hxg5 45. Kg3 Bc6 46. f3 Kg6
47. Kf2 f6 48. Bb6 e5 49. Bc5 Kf5 50. g4+ Ke6 51. Ke3 Bb7 1/2-1/2

[Event "57th Biel Master Open"]
[Site "Biel SUI"]
[Date "2024.07.19"]
[Round "5.25"]
[White "Lyutsinger, Iren"]
[Black "Vantika, Agrawal"]
[Result "1-0"]
[BlackTitle "IM"]
[WhiteElo "2088"]
[BlackElo "2390"]
[WhiteFideId "34425969"]
[BlackFideId "25050389"]
[EventDate "2024.07.15"]

1. e4 c5 2. Nf3 d6 3. d4 cxd4 4. Nxd4 Nf6 5. Nc3 a6 6. Bg5 Nbd7 7. a3 e6 8. Bc4
Qa5 9. Qd2 h6 10. Bh4 b5 11. Ba2 Bb7 12. O-O Be7 13. Rfe1 Rc8 14. f3 Ne5 15.
Rad1 Nc4 16. Bxc4 Rxc4 17. Kh1 Qb6 18. Bf2 Qc7 19. Nce2 O-O 20. c3 Qb8 21. Nf4
Rcc8 22. Bg3 Rfe8 23. Nd3 Nd7 24. Qe2 Bf8 25. e5 Nxe5 26. Nxe5 dxe5 27. Bxe5 Qa8
28. Qf2 f6 29. Bxf6 gxf6 30. Rxe6 Bd5 31. Rxf6 Bg7 32. Qg3 Qb8 33. f4 Re3 34.
Qxe3 Bxf6 35. Nf5 Qa8 36. Nxh6+ Kh7 37. Ng4 Bxg2+ 38. Kg1 Bg7 39. Rd7 Qc6 40.
Qe7 Qg6 41. Ne5 Qb1+ 42. Kxg2 Qxb2+ 43. Kh3 Rxc3+ 44. Nd3 Rxa3 45. Qe4+ Kh6 46.
Rd6+ Bf6 47. Qf5 Rxd3+ 48. Qxd3 Qa1 49. Rd5 Qe1 50. Rh5+ Kg7 51. Qg3+ Qxg3+ 52.
hxg3 Kf7 53. Rc5 Be7 54. Rh5 Ke8 55. Rh6 a5 56. Rh5 b4 57. Rxa5 Kd7 58. Ra7+ Kd8
59. g4 Bc5 60. Ra5 Bd6 61. Kg3 Kc7 62. g5 Kb6 63. Ra1 Kb5 64. g6 Bf8 65. Ra8 Bh6
66. Ra7 b3 67. g7 1-0

[Event "57th Biel Master Open"]
[Site "Biel SUI"]
[Date "2024.07.19"]
[Round "5.27"]
[White "Rappazzo, Johannes"]
[Black "Boldoo, Erdenepurev"]
[Result "1-0"]
[BlackTitle "FM"]
[WhiteElo "2169"]
[BlackElo "2385"]
[WhiteFideId "1340069"]
[BlackFideId "4901037"]
[EventDate "2024.07.15"]

1. e4 c5 2. Nf3 Nc6 3. d4 cxd4 4. Nxd4 g6 5. Nc3 Bg7 6. Be3 Nf6 7. Nxc6 bxc6 8.
e5 Ng8 9. f4 Nh6 10. Qf3 d5 11. h3 Rb8 12. O-O-O Qa5 13. Rd4 Qc7 14. Ra4 a5 15.
g4 O-O 16. Bd3 c5 17. Nxd5 Qb7 18. b3 e6 19. Nf6+ Bxf6 20. Be4 Qe7 21. exf6 Qxf6
22. Kb1 Qc3 23. Bc1 Qxf3 24. Bxf3 f5 25. Rxa5 c4 26. Ra7 Rf7 27. Rxf7 Nxf7 28.
gxf5 exf5 29. Bb2 cxb3 30. cxb3 Bb7 31. Bxb7 Rxb7 32. Rd1 h6 33. h4 Kh7 34. Rd5
Rb4 35. Rd4 Rb7 36. Bc1 g5 37. fxg5 hxg5 38. hxg5 Kg6 39. Rd3 Rb4 40. a4 f4 41.
a5 Rb5 42. Bd2 Ne5 43. a6 Nxd3 44. a7 Rxb3+ 45. Ka2 Rb2+ 46. Ka3 Rb1 47. Bc3 f3
48. a8=Q f2 49. Qg8+ Kh5 50. Qf7+ Kg4 51. g6 Nf4 52. g7 Rb8 53. g8=Q+ Rxg8 54.
Qxg8+ Kh3 55. Qc4 Kg2 56. Qe4+ Kg3 57. Be1 1-0

[Event "57th Biel Master Open"]
[Site "Biel SUI"]
[Date "2024.07.19"]
[Round "5.30"]
[White "Schnell, Simon"]
[Black "Ritviz, Parab"]
[Result "0-1"]
[BlackTitle "IM"]
[WhiteElo "2141"]
[BlackElo "2334"]
[WhiteFideId "1345311"]
[BlackFideId "5073367"]
[EventDate "2024.07.15"]

1. d4 Nf6 2. c4 e6 3. Nc3 Bb4 4. e3 b6 5. Ne2 c5 6. a3 Ba5 7. Rb1 Na6 8. g3 Bb7
9. d5 b5 10. b3 b4 11. axb4 Nxb4 12. Bg2 exd5 13. O-O O-O 14. Nxd5 Nfxd5 15.
cxd5 Ba6 16. Bb2 Nd3 17. Ba1 Re8 18. Qc2 d6 19. Rfd1 Ne5 20. Qb2 Qf6 21. Nf4 Bb4
22. Qa2 Bb5 23. Nd3 Bxd3 24. Rxd3 Nf3+ 25. Kh1 Qg6 26. Rdd1 Qh5 27. h3 Ng5 28.
Kh2 Nf3+ 29. Kh1 Ng5 30. Kh2 Ne4 31. Rbc1 Re7 32. Bxe4 Rxe4 33. Qa6 Qg6 34. Qb7
Rae8 35. Qxa7 Qf5 36. Kg2 h5 37. Qa2 h4 38. g4 Qg5 39. Rc4 f5 40. Rxe4 Rxe4 41.
Qc2 Qg6 42. f3 Rxe3 43. Qf2 f4 44. Rf1 Qg5 45. Qc2 Qxd5 46. Qg6 Re2+ 47. Kg1 Re7
48. Bf6 Qf7 49. Qxf7+ Rxf7 50. Bxh4 Bc3 51. Rd1 Be5 52. Bf2 Rb7 53. Rd3 Ra7 54.
Kf1 Ra2 55. Be1 Rb2 56. Bd2 Kf7 57. h4 Ke6 58. h5 d5 59. Ke1 Rb1+ 60. Ke2 Rh1
61. Be1 Rh2+ 62. Kd1 Ra2 63. Rd2 Ra3 64. Bf2 Rxb3 65. Bxc5 Rxf3 66. Bf2 Ra3 67.
Ke2 f3+ 68. Kd1 d4 69. Bxd4 Bxd4 70. Rxd4 Ra1+ 71. Kd2 f2 72. Re4+ Kd5 0-1

[Event "57th Biel Master Open"]
[Site "Biel SUI"]
[Date "2024.07.19"]
[Round "5.39"]
[White "Smirnov, Mark"]
[Black "Demchenko, Svitlana"]
[Result "1-0"]
[WhiteTitle "CM"]
[BlackTitle "WIM"]
[WhiteElo "2111"]
[BlackElo "2176"]
[WhiteFideId "13764594"]
[BlackFideId "14149893"]
[EventDate "2024.07.15"]

1. e4 e5 2. Nc3 Nf6 3. g3 d5 4. exd5 c6 5. d4 exd4 6. Qxd4 cxd5 7. Bg5 Nc6 8.
Qa4 Bb4 9. O-O-O Bxc3 10. bxc3 h6 11. Qh4 Be6 12. Bxf6 gxf6 13. Bc4 Qe7 14. Bb3
O-O-O 15. Ne2 Ne5 16. Nd4 h5 17. Qf4 Rhg8 18. Rhe1 a5 19. Kb1 Rg4 20. Qh6 b5 21.
f4 Rg6 22. Qh7 a4 23. fxe5 axb3 24. axb3 Rdg8 25. Nxe6 Qxe6 26. exf6 Qxf6 27.
Rf1 Qg7 28. Qxg7 R8xg7 29. Rxd5 h4 30. gxh4 Rh6 31. h5 f6 32. Rxb5 Rg2 33. Rbf5
Rxh2 34. Rxf6 R6xh5 35. R1f2 Rg5 1-0

[Event "57th Biel Master Open"]
[Site "Biel SUI"]
[Date "2024.07.19"]
[Round "5.45"]
[White "Mostertman, Milan"]
[Black "Pisan, Kai"]
[Result "1-0"]
[WhiteTitle "FM"]
[WhiteElo "2220"]
[BlackElo "2016"]
[WhiteFideId "1025848"]
[BlackFideId "39904881"]
[EventDate "2024.07.15"]

1. e4 c6 2. d4 d5 3. e5 Bf5 4. h4 h5 5. Bd3 Bxd3 6. Qxd3 Qa5+ 7. Nd2 e6 8. Nf3
Nh6 9. O-O Nf5 10. c4 Be7 11. g3 O-O 12. b3 Rd8 13. Bb2 c5 14. dxc5 dxc4 15.
Qxc4 Qxc5 16. Qxc5 Bxc5 17. Rac1 Na6 18. Kg2 Rac8 19. a3 Be7 20. b4 Nc7 21. Rc4
Nd5 22. Rfc1 Rxc4 23. Nxc4 Rc8 24. Na5 Rxc1 25. Bxc1 b6 26. Nc6 a6 27. Kf1 Kf8
28. Bg5 Bxg5 29. Nxg5 Ke8 30. Nb8 Nc7 31. Ke2 f6 32. exf6 gxf6 33. Ne4 Ke7 34.
Kd3 e5 35. a4 Nd4 36. Kc4 f5 37. Ng5 Kd6 38. Nf7+ Ke6 39. Ng5+ Kd6 40. Nf7+ Ke6
41. Nd8+ Ke7 42. Nb7 Nde6 43. Nc6+ Kf6 44. Nd6 Nf8 45. Nb8 Nfe6 46. b5 axb5+ 47.
Nxb5 Nxb5 48. Kxb5 Nc5 49. a5 bxa5 50. Kxc5 f4 51. gxf4 Kf5 52. fxe5 Kxe5 53.
Nd7+ Kf5 54. Kd4 a4 55. Kc3 Kg4 56. Ne5+ Kxh4 57. f4 Kg3 58. f5 h4 59. f6 h3 60.
Nf3 Kxf3 61. f7 h2 62. f8=Q+ Kg2 63. Qg7+ Kf2 64. Qf6+ Kg1 65. Qg5+ Kf1 66. Qf4+
Kg1 67. Qg3+ Kh1 68. Qf2 1-0

[Event "57th Biel Master Open"]
[Site "Biel SUI"]
[Date "2024.07.19"]
[Round "5.51"]
[White "Bommini, Mounika Akshaya"]
[Black "Mata, Adilson"]
[Result "1-0"]
[WhiteTitle "WIM"]
[WhiteElo "2140"]
[BlackElo "1973"]
[WhiteFideId "25019872"]
[BlackFideId "1901389"]
[EventDate "2024.07.15"]

1. d4 d5 2. Nf3 Nf6 3. c3 Bf5 4. Qb3 Qc8 5. c4 dxc4 6. Qxc4 Nbd7 7. g3 c5 8. Nc3
cxd4 9. Qxc8+ Rxc8 10. Nxd4 e6 11. Bg2 Bb4 12. Bd2 Bxc3 13. Bxc3 Be4 14. f3 Bc6
15. Nxc6 Rxc6 16. f4 Rc7 17. O-O O-O 18. Rfd1 b6 19. Rd2 Nc5 20. Be5 Rd7 21.
Rad1 Rfd8 22. Rxd7 Rxd7 23. Rxd7 Ncxd7 24. Bd4 Kf8 25. h3 Ke7 26. Kf2 Kd6 27. e4
e5 28. Bc3 Ng8 29. Bb4+ Kc6 30. Bf1 a5 31. Bc3 f6 32. Ke3 Ne7 33. a3 Kd6 34. b4
axb4 35. axb4 f5 36. fxe5+ Nxe5 37. Bd4 fxe4 38. Kxe4 N5c6 39. Bxb6 Nxb4 40. Bd4
g6 41. Be5+ Kc5 42. Bd4+ Kd6 43. Bc4 Nbc6 44. Bb2 Kd7 45. Kf4 Ke8 46. Kg5 h5 47.
Kf6 Nf5 48. Bb5 Kd7 49. Be5 Ne7 50. Bf4 h4 51. g4 Nd5+ 52. Kg5 Ne7 53. Kh6 Ke6
54. Bxc6 Nxc6 55. Kxg6 Nd4 56. Be3 Nf3 57. Bf2 Ke5 58. Kh5 Ke6 59. Bxh4 Ng1 60.
Bg5 Nxh3 61. Be3 Ke5 62. Kh4 Kd5 1-0